[Event "XIX Festival Conca della Presolana Magistrale"]
[Site "Bratto - Castione della Presolana ITA"]
[Date "1999.08.26"]
[Round "5"]
[White "Malfagia, Andrea"]
[Black "Zoldan, Matteo"]
[Result "0-1"]
[WhiteElo "2306"]
[BlackElo "2105"]
[PlyCount "66"]
[EventDate "1999.08.22"]

1.e4 c5 2.Nf3 Nc6 3.d4 cxd4 4.Nxd4 Nf6 5.Nc3 Qb6 6.Nb3 e6 7.g3 d6 8.Bg2 
Be7 9.O-O O-O 10.Bg5 Rd8 11.Qe2 Bd7 12.Rfd1 Ne5 13.Rd4 Rac8 14.Rad1 Be8 
15.Kh1 a6 16.Bc1 Qc7 17.f4 Nc6 18.R4d2 b5 19.a3 Nd7 20.Nd5 exd5 21.exd5 
Nce5 22.fxe5 Nxe5 23.Nd4 Bg5 24.Be4 Bxd2 25.Bxd2 Qc4 26.Qf2 Bd7 27.Rf1 Rf8
28.Bb4 Qc7 29.Nf5 Bxf5 30.Qxf5 g6 31.Qf6 Qd8 32.Bxd6 Qxf6 33.Rxf6 Rfe8 0-1

[Event "XIX Festival Conca della Presolana Magistrale"]
[Site "Bratto - Castione della Presolana ITA"]
[Date "1999.08.26"]
[Round "5"]
[White "Mariano, Elia"]
[Black "Bellini, Fabio"]
[Result "0-1"]
[WhiteElo "2235"]
[BlackElo "2418"]
[PlyCount "72"]
[EventDate "1999.08.22"]

1.d4 d6 2.c4 e5 3.e4 exd4 4.Qxd4 Nc6 5.Qd1 Nf6 6.Nc3 g6 7.Bg5 Bg7 8.Be2 h6
9.Bh4 O-O 10.Nf3 Re8 11.Nd2 Nd4 12.O-O c6 13.Rc1 Qb6 14.b3 Qa5 15.Bg3 
Nxe2+ 16.Qxe2 Nh5 17.Qd3 Be6 18.Bxd6 Red8 19.c5 Nf4 20.Qe3 Bxc3 21.Rxc3 
Qxc3 22.Qxf4 g5 23.Qe3 Qxe3 24.fxe3 b6 25.e5 bxc5 26.h4 gxh4 27.Rf4 a5 28.
Ne4 a4 29.Nxc5 axb3 30.axb3 h3 31.gxh3 Ra2 32.Nxe6 fxe6 33.Rf2 Rda8 34.Kg2
Kg7 35.Rxa2 Rxa2+ 36.Kf3 Kg6 0-1

[Event "XIX Festival Conca della Presolana Magistrale"]
[Site "Bratto - Castione della Presolana ITA"]
[Date "1999.08.26"]
[Round "5"]
[White "Menoni, Vincenzo"]
[Black "Perissinotto, Claudio"]
[Result "1-0"]
[WhiteElo "2281"]
[BlackElo "1990"]
[PlyCount "55"]
[EventDate "1999.08.22"]

1.e4 d6 2.d4 Nf6 3.Nc3 g6 4.Be3 c6 5.Qd2 b5 6.Bd3 Bg7 7.Nf3 O-O 8.Bh6 Bb7 
9.Bxg7 Kxg7 10.O-O b4 11.Ne2 c5 12.Ng3 Qc7 13.Qg5 c4 14.e5 Ng8 15.Be2 Nd7 
16.exd6 exd6 17.Qc5 c3 18.Qxb4 cxb2 19.Qxb2 Rab8 20.Qa3 Nb6 21.Rac1 Nc4 
22.Qc3 Rfc8 23.d5+ f6 24.Rfd1 Ne5 25.Qxc7+ Rxc7 26.Nd4 Kf7 27.f4 Nc4 28.
Nb5 1-0

[Event "XIX Festival Conca della Presolana Magistrale"]
[Site "Bratto - Castione della Presolana ITA"]
[Date "1999.08.26"]
[Round "5"]
[White "Moloney, Nicholas R."]
[Black "Ragonese, Lucio Rosario"]
[Result "1-0"]
[WhiteElo "2128"]
[BlackElo "2010"]
[PlyCount "41"]
[EventDate "1999.08.22"]

1.c4 f5 2.Nc3 g6 3.Nf3 Bg7 4.e4 fxe4 5.Nxe4 Nf6 6.Nxf6+ Bxf6 7.d4 d6 8.Bh6
c5 9.dxc5 Bxb2 10.Bd3 Bc3+ 11.Bd2 Bxa1 12.Qxa1 O-O 13.h4 Bf5 14.Bxf5 Rxf5 
15.h5 Rxh5 16.Rxh5 gxh5 17.Qd4 Nc6 18.Qd5+ Kf8 19.Ng5 Ke8 20.cxd6 Qb6 21.
d7+ 1-0

[Event "XIX Festival Conca della Presolana Magistrale"]
[Site "Bratto - Castione della Presolana ITA"]
[Date "1999.08.26"]
[Round "5"]
[White "Patelli, Alessandro"]
[Black "Battaggia, Piergiorgio"]
[Result "0-1"]
[WhiteElo "2225"]
[BlackElo "2083"]
[PlyCount "42"]
[EventDate "1999.08.22"]

1.Nf3 d5 2.d4 Nf6 3.c4 e6 4.Nc3 Be7 5.Bg5 O-O 6.e3 h6 7.Bh4 Ne4 8.Bxe7 
Qxe7 9.cxd5 Nxc3 10.bxc3 exd5 11.Qb3 Rd8 12.c4 dxc4 13.Bxc4 Nc6 14.Be2 Rd6
15.O-O Be6 16.Qc3 Bd5 17.Nd2 Nxd4 18.Qxd4 Bxg2 19.Qc3 Rg6 20.Rfc1 Bh3+ 21.
Kh1 Qg5 0-1

[Event "XIX Festival Conca della Presolana Magistrale"]
[Site "Bratto - Castione della Presolana ITA"]
[Date "1999.08.26"]
[Round "5"]
[White "Profumo, Alberto"]
[Black "Borgo, Giulio"]
[Result "1/2-1/2"]
[WhiteElo "2268"]
[BlackElo "2444"]
[PlyCount "158"]
[EventDate "1999.08.22"]

1.Nf3 d5 2.c4 e6 3.d4 c6 4.Qc2 Nf6 5.g3 Nbd7 6.Bg2 dxc4 7.Qxc4 Bd6 8.O-O 
O-O 9.Nc3 e5 10.Rd1 Qe7 11.dxe5 Nxe5 12.Nxe5 Bxe5 13.Be3 Re8 14.Bd4 Be6 
15.Qa4 Bxd4 16.Rxd4 c5 17.Rd2 a6 18.Qa5 Rac8 19.Qb6 Qc7 20.Qxb7 Qa5 21.
Rad1 Rb8 22.Qa7 g6 23.Bc6 Rec8 24.Qe7 Kg7 25.Bf3 Qb6 26.b3 Qa5 27.Ne4 Nxe4
28.Bxe4 c4 29.bxc4 Rxc4 30.Bd5 Rc7 31.Qd6 Re8 32.Bxe6 Rxe6 33.Qd4+ Qe5 34.
e3 h5 35.h4 Rc5 36.Rb2 Ra5 37.Rdd2 Ra3 38.Qxe5+ Rxe5 39.Kg2 Rf5 40.e4 Rf6 
41.Rb7 Ra5 42.Rb4 Rc6 43.a4 Rac5 44.Rd7 Rc7 45.Rxc7 Rxc7 46.Rb6 Rc4 47.
Rxa6 Rxe4 48.Kf3 Rb4 49.a5 Ra4 50.Ke3 Ra2 51.Ra7 Kf6 52.a6 Ra4 53.Kd3 Ra2 
54.Kc4 Rxf2 55.Rd7 Ra2 56.Kb5 Rb2+ 57.Kc6 Ra2 58.Kb7 Kf5 59.Rd5+ Kg4 60.
Rg5+ Kh3 61.a7 f6 62.Rxg6 Rb2+ 63.Ka8 Rb5 64.Rg8 Rb3 65.Rg7 f5 66.Rg5 Rb5 
67.Rxh5 Kxg3 68.Rh7 f4 69.h5 f3 70.Rg7+ Kf4 71.Rf7+ Ke3 72.h6 f2 73.h7 Rh5
74.Kb8 Rxh7 75.Rxh7 f1=Q 76.Re7+ Kd4 77.Rd7+ Ke5 78.a8=Q Qf8+ 79.Kb7 Qf3+ 
1/2-1/2

[Event "XIX Festival Conca della Presolana Magistrale"]
[Site "Bratto - Castione della Presolana ITA"]
[Date "1999.08.26"]
[Round "5"]
[White "Ranieri, Fabrizio"]
[Black "Ricci, Alfredo"]
[Result "1-0"]
[WhiteElo "2155"]
[BlackElo "2042"]
[PlyCount "42"]
[EventDate "1999.08.22"]

1.e4 c5 2.Nf3 Nc6 3.d4 cxd4 4.Nxd4 Nf6 5.Nc3 d6 6.Be3 Ng4 7.Bb5 Nxe3 8.
fxe3 Bd7 9.O-O Ne5 10.Nf3 Bxb5 11.Nxb5 e6 12.Nxe5 dxe5 13.Qh5 Qe7 14.Nd6+ 
Kd7 15.Nxf7 g6 16.Qxe5 Rg8 17.Rad1+ Kc6 18.Rd6+ Qxd6 19.Nxd6 Bxd6 20.Qxe6 
Rad8 21.Qd5+ Kb6 1-0

[Event "XIX Festival Conca della Presolana Magistrale"]
[Site "Bratto - Castione della Presolana ITA"]
[Date "1999.08.26"]
[Round "5"]
[White "Rotstein, Arkadij"]
[Black "Epishin, Vladimir V."]
[Result "0-1"]
[WhiteElo "2460"]
[BlackElo "2657"]
[PlyCount "106"]
[EventDate "1999.08.22"]

1.c4 Nf6 2.Nc3 e5 3.Nf3 Nc6 4.d3 Bb4 5.Bd2 O-O 6.a3 Bxc3 7.Bxc3 d6 8.e3 b6
9.Be2 Bb7 10.O-O e4 11.Ng5 exd3 12.Bf3 h6 13.Ne4 Nd7 14.Ng3 Rb8 15.Bd5 Ne7
16.Qg4 Ne5 17.Bxe5 dxe5 18.Bxb7 Rxb7 19.Qe4 c6 20.Qxe5 Ng6 21.Qc3 Re8 22.
Rad1 Rd7 23.Rd2 Ne5 24.Rfd1 Qh4 25.b3 Qf6 26.Qb2 Qg6 27.e4 Qg4 28.f3 Qf4 
29.Rf2 g6 30.Qd2 Qh4 31.Qe3 h5 32.Rfd2 c5 33.Nf1 Rd4 34.h3 Qe7 35.f4 Nc6 
36.e5 Qh4 37.g3 Qxh3 38.Rxd3 Red8 39.Rxd4 Nxd4 40.Rd2 h4 41.Kf2 Kg7 42.
gxh4 Qxh4+ 43.Qg3 Qh5 44.Ne3 Rh8 45.Ng2 Qh3 46.b4 Qe6 47.Qc3 Rh2 48.bxc5 
bxc5 49.a4 a5 50.Rb2 Rh3 51.Qxa5 Qg4 52.Qa8 Qg3+ 53.Kg1 Nf3+ 0-1

[Event "XIX Festival Conca della Presolana Magistrale"]
[Site "Bratto - Castione della Presolana ITA"]
[Date "1999.08.26"]
[Round "5"]
[White "Skembris, Spyridon"]
[Black "Di Fonzo, Valerio"]
[Result "1-0"]
[WhiteElo "2477"]
[BlackElo "2211"]
[PlyCount "55"]
[EventDate "1999.08.22"]

1.d4 Nf6 2.c4 g6 3.Nc3 d5 4.Nf3 Bg7 5.Bg5 Ne4 6.cxd5 Nxg5 7.Nxg5 e6 8.Qd2 
exd5 9.Qe3+ Kf8 10.Qf4 Bf6 11.h4 h6 12.Nxd5 Bxg5 13.Qe5 f6 14.Qxc7 Qxd5 
15.Qxc8+ Kf7 16.Qc7+ Nd7 17.e3 Rhc8 18.Bc4 Qxc4 19.Qxd7+ Kg8 20.hxg5 Rc7 
21.Qd6 Rc6 22.Qe7 Rc7 23.Qxf6 Qb4+ 24.Kf1 Rc6 25.Qe5 Qxb2 26.Qd5+ Kf8 27.
Re1 h5 28.Rh4 1-0

[Event "XIX Festival Conca della Presolana Magistrale"]
[Site "Bratto - Castione della Presolana ITA"]
[Date "1999.08.26"]
[Round "5"]
[White "Szekely, Peter"]
[Black "Brancaleoni, Maurizio"]
[Result "1-0"]
[WhiteElo "2436"]
[BlackElo "2197"]
[PlyCount "59"]
[EventDate "1999.08.22"]

1.Nf3 d5 2.c4 d4 3.g3 Nc6 4.Bg2 e5 5.O-O a5 6.d3 Nf6 7.e3 Be7 8.exd4 exd4 
9.Na3 O-O 10.Nb5 Bf5 11.Bf4 Rc8 12.Ne5 Nxe5 13.Bxe5 Bg4 14.Bf3 Bxf3 15.
Qxf3 c6 16.Nxd4 Nd7 17.Bf4 Bf6 18.Nf5 Bxb2 19.Rab1 Bf6 20.Nd6 Nc5 21.Nxc8 
Qxc8 22.Bd6 Ne6 23.Bxf8 Nd4 24.Qe4 Kxf8 25.Rfe1 g6 26.Kg2 Kg7 27.Qe8 Qf5 
28.Rxb7 Qf3+ 29.Kg1 Bg5 30.Qe4 1-0

[Event "XIX Festival Conca della Presolana Magistrale"]
[Site "Bratto - Castione della Presolana ITA"]
[Date "1999.08.26"]
[Round "5"]
[White "Vita, Fabrizio"]
[Black "Oppici, Gabriele"]
[Result "0-1"]
[WhiteElo "2114"]
[BlackElo "2052"]
[PlyCount "84"]
[EventDate "1999.08.22"]

1.c4 Nc6 2.Nc3 e5 3.g3 Nf6 4.Bg2 Bc5 5.e3 O-O 6.Nge2 Re8 7.O-O d6 8.d3 Bf5
9.a3 a5 10.Nd5 Nxd5 11.cxd5 Ne7 12.d4 exd4 13.Nxd4 Bd7 14.b3 Qc8 15.Re1 
Bh3 16.Bh1 Ng6 17.Bb2 Ne5 18.Rc1 Qd8 19.Qd2 Qe7 20.Nf3 f6 21.b4 axb4 22.
axb4 Bb6 23.Bd4 Bxd4 24.Nxd4 Rec8 25.Rc2 Qd7 26.Rec1 Ra3 27.Ne6 Bxe6 28.
dxe6 Qb5 29.Rxc7 Re8 30.Qxd6 Rd3 31.Qc5 Qa4 32.Qc2 Qxb4 33.Rxb7 Qd6 34.e7 
Rd2 35.Qb3+ Kh8 36.Bg2 h6 37.h3 Rxe7 38.Rc8+ Kh7 39.Rbb8 Nf7 40.Qb1+ g6 
41.Bf3 Rxe3 42.Qb7 Qxg3+ 0-1

[Event "XIX Festival Conca della Presolana Magistrale"]
[Site "Bratto - Castione della Presolana ITA"]
[Date "1999.08.27"]
[Round "6"]
[White "Battaggia, Piergiorgio"]
[Black "Mariano, Elia"]
[Result "1/2-1/2"]
[WhiteElo "2083"]
[BlackElo "2235"]
[PlyCount "39"]
[EventDate "1999.08.22"]

1.d4 d5 2.c4 e6 3.Nc3 Nf6 4.Bg5 Be7 5.e3 O-O 6.Nf3 Nbd7 7.Qc2 c6 8.Rd1 Re8
9.Bd3 dxc4 10.Bxc4 Nd5 11.Bxe7 Qxe7 12.a3 Nxc3 13.Qxc3 b6 14.O-O Bb7 15.
Rfe1 c5 16.d5 exd5 17.Bxd5 Nf6 18.Bxb7 Qxb7 19.Qd3 Qe7 20.Qd6 1/2-1/2

[Event "XIX Festival Conca della Presolana Magistrale"]
[Site "Bratto - Castione della Presolana ITA"]
[Date "1999.08.27"]
[Round "6"]
[White "Bellini, Fabio"]
[Black "Lantini, Marco"]
[Result "1-0"]
[WhiteElo "2418"]
[BlackElo "2193"]
[PlyCount "106"]
[EventDate "1999.08.22"]

1.e4 e5 2.Bc4 Nf6 3.d3 Nc6 4.Nf3 h6 5.O-O g6 6.c3 Bg7 7.d4 Qe7 8.Re1 d6 9.
Bb5 Bd7 10.d5 Nd8 11.Bxd7+ Qxd7 12.c4 O-O 13.c5 Ne8 14.cxd6 Nxd6 15.Nc3 
Re8 16.b3 c5 17.Be3 Rc8 18.Nd2 b5 19.a4 b4 20.Nb5 N8b7 21.Nxa7 Ra8 22.Nc6 
Na5 23.Bxc5 Nxc6 24.dxc6 Qxc6 25.Bxb4 Red8 26.Qe2 h5 27.Rec1 Qb7 28.Bc5 
Bh6 29.Be3 Bf8 30.f3 Ne8 31.Rab1 Ba3 32.Rd1 Bb4 33.Nc4 Qe7 34.Nb6 Rxd1+ 
35.Rxd1 Rb8 36.Qc4 Ba5 37.Rd7 Qf8 38.Nd5 Qa3 39.Ne7+ Kh8 40.Bc1 Qxb3 41.
Qxb3 Rxb3 42.Bg5 h4 43.Nc6 Bb6+ 44.Kf1 h3 45.gxh3 Rxf3+ 46.Kg2 Rf2+ 47.Kg3
Rc2 48.Nxe5 Bc7 49.Re7 Nd6 50.Bf4 Bd8 51.Nxf7+ Nxf7 52.Rxf7 Rc3+ 53.Kg4 
Kg8 1-0

[Event "XIX Festival Conca della Presolana Magistrale"]
[Site "Bratto - Castione della Presolana ITA"]
[Date "1999.08.27"]
[Round "6"]
[White "Borgo, Giulio"]
[Black "Di Fonzo, Valerio"]
[Result "1/2-1/2"]
[WhiteElo "2444"]
[BlackElo "2211"]
[PlyCount "39"]
[EventDate "1999.08.22"]

1.e4 e5 2.Nf3 Nc6 3.d4 exd4 4.Nxd4 Nf6 5.Nxc6 bxc6 6.Bd3 d5 7.exd5 cxd5 8.
O-O Be7 9.c4 c6 10.Qc2 O-O 11.Nd2 Bd6 12.Nf3 Bg4 13.Nd4 Bc7 14.c5 Bd7 15.
Re1 Re8 16.Rxe8+ Qxe8 17.Ne2 Rb8 18.Rb1 Rb4 19.g3 Qe6 20.f3 1/2-1/2

[Event "XIX Festival Conca della Presolana Magistrale"]
[Site "Bratto - Castione della Presolana ITA"]
[Date "1999.08.27"]
[Round "6"]
[White "Brancaleoni, Maurizio"]
[Black "Bresciani, Nicola"]
[Result "0-1"]
[WhiteElo "2197"]
[BlackElo "2275"]
[PlyCount "62"]
[EventDate "1999.08.22"]

1.Nf3 Nf6 2.c4 b6 3.g3 c5 4.Bg2 Bb7 5.Nc3 e6 6.O-O d6 7.Re1 a6 8.e4 Be7 9.
d4 cxd4 10.Nxd4 Qc7 11.b3 b5 12.Ndxb5 axb5 13.Nxb5 Qc6 14.Ba3 O-O 15.Bxd6 
Rd8 16.Bxe7 Rxd1 17.Rexd1 Nbd7 18.Rd6 Qc8 19.Rad1 Bc6 20.a4 e5 21.f3 Bxb5 
22.cxb5 h5 23.Bh3 Qc5+ 24.Kh1 Re8 25.Bxf6 Nxf6 26.b6 Qf2 27.b7 Qxf3+ 28.
Kg1 Qe3+ 29.Kh1 Qxb3 30.Bc8 Nxe4 31.Rf1 Nxd6 0-1

[Event "XIX Festival Conca della Presolana Magistrale"]
[Site "Bratto - Castione della Presolana ITA"]
[Date "1999.08.27"]
[Round "6"]
[White "Campanile, Antonio"]
[Black "Ragonese, Lucio Rosario"]
[Result "1/2-1/2"]
[WhiteElo "2156"]
[BlackElo "2010"]
[PlyCount "40"]
[EventDate "1999.08.22"]

1.f4 d5 2.Nf3 Nf6 3.g3 Bf5 4.c4 e6 5.Nc3 c6 6.Qb3 Qc7 7.d3 Nbd7 8.Nd1 Nc5 
9.Qc2 dxc4 10.Qxc4 Rd8 11.Be3 Ncd7 12.a3 Nb6 13.Qc2 Be7 14.Bg2 O-O 15.O-O 
Ng4 16.Bd2 h6 17.Ba5 Rd5 18.Bd2 Rdd8 19.Ba5 Rd5 20.Bd2 Rdd8 1/2-1/2

[Event "XIX Festival Conca della Presolana Magistrale"]
[Site "Bratto - Castione della Presolana ITA"]
[Date "1999.08.27"]
[Round "6"]
[White "Caruso, Daniele"]
[Black "Malfagia, Andrea"]
[Result "1-0"]
[WhiteElo "2103"]
[BlackElo "2306"]
[PlyCount "117"]
[EventDate "1999.08.22"]

1.e4 e6 2.d3 c5 3.Nf3 Nc6 4.g3 b6 5.Bg2 Bb7 6.O-O Nge7 7.Re1 h6 8.h4 g6 9.
c3 Bg7 10.Nbd2 Qc7 11.Nc4 d6 12.Bf4 e5 13.Bd2 O-O 14.Ne3 Kh7 15.Qc1 Nd8 
16.Ng4 Ng8 17.Nfh2 Ne6 18.Ne3 Rae8 19.Nd5 Qd8 20.f4 exf4 21.Nxf4 Nxf4 22.
Bxf4 Be5 23.Rf1 Qa8 24.Ng4 f5 25.Bxe5 dxe5 26.Nf2 Nf6 27.Qe3 Re7 28.Bh3 f4
29.gxf4 exf4 30.Qf3 Qd8 31.Rae1 Nh5 32.Kh2 Rg7 33.Rg1 Ng3 34.Nh1 Nxh1 35.
Rxh1 Qxh4 36.Kg2 Qg5+ 37.Kf2 Qe5 38.Bg4 Re7 39.Rh2 Kg7 40.Rg1 c4 41.Qh3 
Rh8 42.Bf5 cxd3 43.Rxg6+ Kf7 44.Qxd3 Qc5+ 45.Kf1 Bc6 46.b3 Ree8 47.Rhxh6 
Rxh6 48.Rxh6 Rg8 49.Be6+ Kg7 50.Qh3 Qg5 51.Rh7+ Kf6 52.Rf7+ Ke5 53.Rf5+ 
Kxe4 54.Rxg5 Rxg5 55.Qh1+ Ke3 56.Qxc6 Rc5 57.Qd6 Rxc3 58.Qe5+ Kd3 59.Bf5+ 
1-0

[Event "XIX Festival Conca della Presolana Magistrale"]
[Site "Bratto - Castione della Presolana ITA"]
[Date "1999.08.27"]
[Round "6"]
[White "Castaldo, Folco"]
[Black "Barbieri, Giovanni"]
[Result "1/2-1/2"]
[WhiteElo "2225"]
[BlackElo "2108"]
[PlyCount "50"]
[EventDate "1999.08.22"]

1.e4 e5 2.Nf3 d6 3.d4 exd4 4.Qxd4 Nf6 5.Nc3 Be7 6.Bf4 O-O 7.Bc4 Nc6 8.Qd2 
Be6 9.Bxe6 fxe6 10.O-O-O Nd7 11.Be3 Nb6 12.h4 Nc4 13.Qe2 Nxe3 14.Qxe3 Qe8 
15.Nb5 Rc8 16.Nbd4 Bf6 17.Nxc6 bxc6 18.e5 dxe5 19.Rd2 Rb8 20.Nxe5 Rb5 21.
f4 Qh5 22.g4 Qe8 23.Rhd1 Qb8 24.c3 Bxe5 25.fxe5 Qb6 1/2-1/2

[Event "XIX Festival Conca della Presolana Magistrale"]
[Site "Bratto - Castione della Presolana ITA"]
[Date "1999.08.27"]
[Round "6"]
[White "Dervishi, Erald"]
[Black "Drazic, Sinisa"]
[Result "0-1"]
[WhiteElo "2496"]
[BlackElo "2493"]
[PlyCount "68"]
[EventDate "1999.08.22"]

1.e4 c5 2.Nf3 e6 3.d4 cxd4 4.Nxd4 a6 5.Bd3 Nf6 6.O-O Qc7 7.c4 Nc6 8.Nxc6 
dxc6 9.Qe2 e5 10.Nd2 Bg4 11.f3 Be6 12.Nb3 Nd7 13.Be3 a5 14.a4 Bb4 15.Rfd1 
O-O 16.Qf2 Rfd8 17.Rac1 b6 18.Bf1 Rab8 19.f4 exf4 20.Bxf4 Ne5 21.Qg3 f6 
22.Kh1 c5 23.Na1 Bd7 24.b3 Bc6 25.Nc2 Rxd1 26.Rxd1 Re8 27.Ne3 Bxe4 28.Ng4 
Qe7 29.Bxe5 fxe5 30.Bd3 Bxd3 31.Rxd3 e4 32.Re3 Bd2 33.Rxe4 Rf8 34.h4 Qxe4 
0-1

[Event "XIX Festival Conca della Presolana Magistrale"]
[Site "Bratto - Castione della Presolana ITA"]
[Date "1999.08.27"]
[Round "6"]
[White "Dorighet, Claudio"]
[Black "Leoni, Fabrizio"]
[Result "1-0"]
[WhiteElo "2121"]
[BlackElo "1905"]
[PlyCount "145"]
[EventDate "1999.08.22"]

1.c4 e5 2.Nc3 Nf6 3.g3 Nc6 4.Bg2 Bb4 5.e4 O-O 6.Nge2 Bxc3 7.dxc3 d6 8.O-O 
b6 9.h3 Be6 10.b3 Qc8 11.Kh2 Nd7 12.Be3 Nc5 13.Qd2 a5 14.f4 f6 15.f5 Bf7 
16.g4 a4 17.b4 Nd7 18.Qd3 Nd8 19.Rg1 Qa6 20.b5 Qc8 21.Ng3 Nb7 22.Nf1 Ndc5 
23.Qe2 Na5 24.Nd2 Qe8 25.Bf3 g5 26.Kg3 Kg7 27.Rh1 Rh8 28.h4 h6 29.Rh3 Qe7 
30.Rah1 Rag8 31.Qh2 Qe8 32.Be2 Qa8 33.hxg5 hxg5 34.Bxg5 fxg5 35.Rxh8 Rxh8 
36.f6+ Kxf6 37.Qxh8+ Qxh8 38.Rxh8 a3 39.Ra8 Na4 40.Nb1 Nc5 41.Bf3 Bxc4 42.
Nxa3 Bxa2 43.Rc8 Ne6 44.Be2 Nf4 45.Bf1 Ne6 46.Kf3 Bb3 47.Be2 d5 48.exd5 
Bxd5+ 49.Ke3 Nb7 50.Nc4 Nbc5 51.Nd2 Bb7 52.Rh8 Nf4 53.c4 Ng2+ 54.Kf2 Nh4 
55.Rh7 Ne6 56.Bd3 Nc5 57.Bc2 Ne6 58.Ne4+ Bxe4 59.Bxe4 Ng6 60.Bf5 Ngf8 61.
Rh6+ Ke7 62.Ke3 Nc5 63.Rc6 Kd8 64.Rxc5 bxc5 65.Ke4 Nd7 66.Bxd7 Kxd7 67.
Kxe5 c6 68.bxc6+ Kxc6 69.Ke6 Kc7 70.Kd5 Kd8 71.Kxc5 Kc7 72.Kd5 Kd7 73.Ke5 
1-0

[Event "XIX Festival Conca della Presolana Magistrale"]
[Site "Bratto - Castione della Presolana ITA"]
[Date "1999.08.27"]
[Round "6"]
[White "Epishin, Vladimir V."]
[Black "Tiviakov, Sergei"]
[Result "1-0"]
[WhiteElo "2657"]
[BlackElo "2611"]
[PlyCount "77"]
[EventDate "1999.08.22"]

1.d4 Nf6 2.c4 e6 3.Nf3 b6 4.a3 Bb7 5.Nc3 d5 6.cxd5 Nxd5 7.Qc2 Nxc3 8.bxc3 
c5 9.e4 Nd7 10.Bf4 cxd4 11.cxd4 Rc8 12.Qb3 Be7 13.Bd3 Nf6 14.Qb5+ Bc6 15.
Qb1 O-O 16.a4 Qd7 17.O-O Bxa4 18.d5 Nh5 19.Bd2 exd5 20.e5 g6 21.e6 fxe6 
22.Ne5 Qe8 23.Nxg6 hxg6 24.Bxg6 Qb5 25.Bh7+ Kh8 26.Qg6 Bc2 27.Qxe6 Bxh7 
28.Qxe7 Qe8 29.Qh4 Qf7 30.Ra3 Rc4 31.Bc3+ Ng7 32.Bd4 Qf4 33.Qe7 Rxd4 34.
Rf3 Qxf3 35.gxf3 Rdf4 36.Qxa7 b5 37.Rd1 Bg8 38.Rb1 b4 39.Qc5 1-0

[Event "XIX Festival Conca della Presolana Magistrale"]
[Site "Bratto - Castione della Presolana ITA"]
[Date "1999.08.27"]
[Round "6"]
[White "Godena, Michele"]
[Black "Skembris, Spyridon"]
[Result "1/2-1/2"]
[WhiteElo "2490"]
[BlackElo "2477"]
[PlyCount "65"]
[EventDate "1999.08.22"]

1.e4 e5 2.Nf3 Nc6 3.Bb5 a6 4.Ba4 Nf6 5.d3 d6 6.c3 Be7 7.Nbd2 O-O 8.Nf1 b5 
9.Bc2 Re8 10.Ng3 g6 11.O-O Bf8 12.a4 Bb7 13.Re1 Bg7 14.Bd2 Nb8 15.d4 Nbd7 
16.Bd3 c6 17.Qc2 Qb6 18.b4 Rac8 19.Qb1 d5 20.dxe5 Ng4 21.Nd4 Bxe5 22.h3 
Ngf6 23.exd5 Nxd5 24.Nge2 bxa4 25.Rxa4 c5 26.Nf3 cxb4 27.cxb4 Bg7 28.Ra5 
Nc7 29.Ng5 Ne5 30.Be3 Qf6 31.Be4 Nc6 32.Rc5 Bf8 33.Rcc1 1/2-1/2

[Event "XIX Festival Conca della Presolana Magistrale"]
[Site "Bratto - Castione della Presolana ITA"]
[Date "1999.08.27"]
[Round "6"]
[White "Gorelli Fagiolini, Marco"]
[Black "De Barberis, Massimo"]
[Result "1/2-1/2"]
[WhiteElo "2206"]
[BlackElo "2096"]
[PlyCount "34"]
[EventDate "1999.08.22"]

1.e4 c5 2.Nf3 d6 3.d4 cxd4 4.Nxd4 Nf6 5.Nc3 a6 6.Be2 e6 7.O-O Nbd7 8.f4 b5
9.a3 Bb7 10.Bf3 Rc8 11.Qe2 Qc7 12.Kh1 Qc4 13.Qf2 h5 14.Be2 Ng4 15.Qg1 Qc5 
16.Nb3 Qc7 17.Be3 Nxe3 1/2-1/2

[Event "XIX Festival Conca della Presolana Magistrale"]
[Site "Bratto - Castione della Presolana ITA"]
[Date "1999.08.27"]
[Round "6"]
[White "Lapiccirella, Daniele"]
[Black "Mascheroni, Maurizio"]
[Result "1/2-1/2"]
[WhiteElo "1891"]
[BlackElo "2067"]
[PlyCount "61"]
[EventDate "1999.08.22"]

1.d4 Nf6 2.c4 e6 3.Nc3 Bb4 4.Nf3 O-O 5.Bg5 h6 6.Bh4 d5 7.e3 c5 8.Qc2 Nbd7 
9.Bd3 dxc4 10.Bxc4 cxd4 11.Nxd4 Ne5 12.Be2 Ng6 13.Bxf6 Qxf6 14.O-O Bd7 15.
Bf3 Rab8 16.Ne4 Qe7 17.a3 Rfc8 18.Qb3 Ba5 19.Rac1 Bb6 20.Nb5 Rxc1 21.Rxc1 
Bc6 22.Nd2 Ne5 23.Bxc6 bxc6 24.Nd4 Qd6 25.Qc3 Rd8 26.N4f3 Nxf3+ 27.Nxf3 
Qd5 28.h3 c5 29.Ne5 Bc7 30.Nf3 Bb6 31.Ne5 1/2-1/2

[Event "XIX Festival Conca della Presolana Magistrale"]
[Site "Bratto - Castione della Presolana ITA"]
[Date "1999.08.27"]
[Round "6"]
[White "Mantovani, Renzo"]
[Black "Cebalo, Miso"]
[Result "1/2-1/2"]
[WhiteElo "2419"]
[BlackElo "2453"]
[PlyCount "57"]
[EventDate "1999.08.22"]

1.e4 c5 2.Nf3 d6 3.d4 cxd4 4.Nxd4 Nf6 5.Nc3 g6 6.f4 Nc6 7.Nxc6 bxc6 8.e5 
Nd7 9.exd6 exd6 10.Be2 Nf6 11.Bf3 d5 12.O-O Bc5+ 13.Kh1 O-O 14.Na4 Bd6 15.
Re1 Bf5 16.c4 Re8 17.Bd2 Ne4 18.Bxe4 Bxe4 19.Nc3 Qf6 20.cxd5 cxd5 21.Qa4 
Re7 22.Rxe4 dxe4 23.Nd5 Qe6 24.Qd4 f6 25.Nxf6+ Kf8 26.Nd5 Rd8 27.Qh8+ Qg8 
28.Qf6+ Qf7 29.Qh8+ 1/2-1/2

[Event "XIX Festival Conca della Presolana Magistrale"]
[Site "Bratto - Castione della Presolana ITA"]
[Date "1999.08.27"]
[Round "6"]
[White "Mauro, Alan"]
[Black "Drabke, Lorenz Maximilian"]
[Result "1-0"]
[WhiteElo "2278"]
[BlackElo "2102"]
[PlyCount "61"]
[EventDate "1999.08.22"]

1.e4 c5 2.Nf3 e6 3.d4 cxd4 4.Nxd4 a6 5.Bd3 Qc7 6.O-O Nf6 7.Kh1 g6 8.f4 d6 
9.Nc3 Bg7 10.Nf3 Nbd7 11.Qe1 O-O 12.Bd2 b6 13.Qh4 Bb7 14.Rae1 Nc5 15.f5 
Nxd3 16.cxd3 exf5 17.exf5 Rae8 18.Bg5 Rxe1 19.Rxe1 Bxf3 20.Bxf6 Bxf6 21.
Qxf6 Qc6 22.Qg5 f6 23.Qg3 Bh5 24.Re6 Re8 25.Qe3 g5 26.h3 b5 27.Qd4 Rxe6 
28.fxe6 Kg7 29.Qa7+ Kg8 30.Qd7 Bf3 31.Qf7+ 1-0

[Event "XIX Festival Conca della Presolana Magistrale"]
[Site "Bratto - Castione della Presolana ITA"]
[Date "1999.08.27"]
[Round "6"]
[White "Moloney, Nicholas R."]
[Black "Menoni, Vincenzo"]
[Result "1-0"]
[WhiteElo "2128"]
[BlackElo "2281"]
[PlyCount "67"]
[EventDate "1999.08.22"]

1.c4 g6 2.Nc3 Bg7 3.Nf3 d6 4.g3 Nf6 5.Bg2 O-O 6.O-O e5 7.d4 Nbd7 8.Qc2 
exd4 9.Nxd4 Re8 10.e3 a6 11.b3 Rb8 12.Bb2 Ne5 13.Rfe1 h5 14.Nd5 c5 15.Ne2 
Nxd5 16.Bxd5 Bf5 17.Qd2 b5 18.cxb5 axb5 19.Nf4 h4 20.f3 hxg3 21.hxg3 Qg5 
22.Kg2 Qe7 23.Rad1 Kf8 24.e4 Bc8 25.Rh1 Rb6 26.Rh7 Qf6 27.Rdh1 Ra6 28.a3 
Ra7 29.Qf2 Qd8 30.Ne2 Qa5 31.Qe3 Be6 32.f4 Bxd5 33.exd5 Qc7 34.fxe5 1-0

[Event "XIX Festival Conca della Presolana Magistrale"]
[Site "Bratto - Castione della Presolana ITA"]
[Date "1999.08.27"]
[Round "6"]
[White "Moncelli, Giorgio"]
[Black "Griffa, Roberto"]
[Result "1-0"]
[WhiteElo "2174"]
[BlackElo "2053"]
[PlyCount "79"]
[EventDate "1999.08.22"]

1.d4 c5 2.d5 Nf6 3.c4 Ne4 4.Qc2 Qa5+ 5.Nc3 Nxc3 6.Bd2 e5 7.Bxc3 Qc7 8.e4 
d6 9.g3 Be7 10.Bg2 O-O 11.Ne2 Bd7 12.O-O b5 13.b3 a5 14.f4 f6 15.f5 Na6 
16.g4 a4 17.h4 Rfb8 18.Ng3 axb3 19.axb3 Qc8 20.Bd2 Nb4 21.Qc3 bxc4 22.bxc4
h6 23.Nh5 Be8 24.Nxg7 Rxa1 25.Rxa1 Kxg7 26.Qe3 Nc2 27.Qxh6+ Kg8 28.Ra7 Rb7
29.Rxb7 Qxb7 30.g5 Bf8 31.Qxf6 Qh7 32.g6 Qe7 33.Qe6+ Qxe6 34.dxe6 Nd4 35.
Bg5 Nxe6 36.fxe6 Bxg6 37.Bh3 Bxe4 38.e7 Bc6 39.Be6+ Kg7 40.Bh6+ 1-0

[Event "XIX Festival Conca della Presolana Magistrale"]
[Site "Bratto - Castione della Presolana ITA"]
[Date "1999.08.27"]
[Round "6"]
[White "Oppici, Gabriele"]
[Black "Astengo, Corrado"]
[Result "1/2-1/2"]
[WhiteElo "2052"]
[BlackElo "2164"]
[PlyCount "38"]
[EventDate "1999.08.22"]

1.Nc3 d5 2.e4 dxe4 3.Nxe4 Bf5 4.Ng3 Bg6 5.Nf3 Nf6 6.Bc4 e6 7.d3 Nbd7 8.Qe2
Be7 9.h4 h6 10.h5 Bh7 11.Bd2 c6 12.a4 Qc7 13.a5 Nd5 14.Bxd5 cxd5 15.Bc3 
Bf6 16.Bxf6 Nxf6 17.Ne5 Rc8 18.c3 Nd7 19.Nxd7 Qxd7 1/2-1/2